[Event "Oberbayerische Einzelmeisterschaft 2018"]
[Site "Gröbenzell"]
[Date "2018.05.11"]
[Round "4.12"]
[White "Stocker, Rupert"]
[Black "Höller, Armin"]
[Result "0-1"]
[WhiteElo "2011"]
[BlackElo "1899"]
[PlyCount "80"]
[EventDate "2018.??.??"]
[WhiteTeam "SC Gröbenzell"]
[BlackTeam "SK Weilheim"]

1. c4 e5 2. g3 Nc6 3. Bg2 f5 4. Nc3 Nf6 5. d3 Bc5 6. e3 O-O 7. Nge2 d6 8. a3 a5
9. O-O Ne7 10. d4 Bb6 11. b3 c6 12. Bb2 Ng6 13. Qd2 Qe7 14. Rad1 e4 15. d5 c5
16. f3 exf3 17. Bxf3 Bd7 18. Nf4 Ne5 19. a4 Nxf3+ 20. Rxf3 Ne4 21. Nxe4 fxe4
22. Rff1 Bg4 23. Ne6 Bxe6 24. dxe6 Rxf1+ 25. Kxf1 Qxe6 26. Qxd6 Rf8+ 27. Kg1
Qg4 28. Qd2 Rd8 29. Qxd8+ Bxd8 30. Rxd8+ Kf7 31. Bc1 Qe2 32. Bd2 Qd1+ 33. Kf2
Qxb3 34. Bxa5 Qxa4 35. Be1 Qc2+ 36. Kg1 Qe2 37. Bf2 Ke7 38. Rb8 Qb2 39. g4 Kd7
40. Kg2 Kc6 0-1

[Event "Oberbayerische Einzelmeisterschaft 2018"]
[Site "Gröbenzell"]
[Date "2018.05.11"]
[Round "4.13"]
[White "Heinz-Leisenheimer, Matthias"]
[Black "Holzmayr, Norbert"]
[Result "1-0"]
[WhiteElo "1913"]
[BlackElo "1712"]
[PlyCount "131"]
[EventDate "2018.??.??"]
[WhiteTeam "SC Prien"]
[BlackTeam "SV Ilmmünster"]

1. d4 Nf6 2. c4 g6 3. f3 d6 4. e4 Bg7 5. Be3 O-O 6. Nc3 Na6 7. Bd3 e5 8. d5 Nh5
9. Qd2 c6 10. Nge2 Nb4 11. g4 Nf6 12. O-O-O cxd5 13. cxd5 Bd7 14. Kb1 Qa5 15.
Nc1 Nxd3 16. Qxd3 b5 17. Nb3 Qa6 18. Rc1 Rab8 19. Rc2 Bc8 20. Ne2 b4 21. Qxa6
Bxa6 22. Nec1 Rbc8 23. Na5 Rxc2 24. Kxc2 Nd7 25. Nc6 Rc8 26. Kb3 Rc7 27. Nxb4
Bb5 28. a4 Bc4+ 29. Ka3 Nb8 30. b3 Ba6 31. Kb2 Bc8 32. Rd1 f5 33. gxf5 gxf5 34.
Rd2 Kf7 35. Rc2 Rxc2+ 36. Kxc2 a6 37. Ba7 Nd7 38. Nc6 fxe4 39. fxe4 Ke8 40. b4
Nf6 41. Kd3 Bh6 42. Ne2 Ng4 43. Bg1 Bg5 44. Ng3 Kd7 45. Ke2 Nf6 46. Kd3 Kc7 47.
Na5 Bd7 48. Nc4 Bxa4 49. Nf5 Ne8 50. Bb6+ Kd7 51. Be3 Bf6 52. Nb6+ Kc7 53. Nxa4
Kb7 54. Nb6 Kc7 55. Nc4 Kd7 56. Bh6 Bd8 57. Bf8 Bc7 58. Bxd6 Nxd6 59. Nfxd6 Bd8
60. Nf7 Bh4 61. Nfxe5+ Ke7 62. Nc6+ Ke8 63. e5 Bf2 64. Ke4 h6 65. e6 Bg1 66.
Nd6+ 1-0

[Event "Oberbayerische Einzelmeisterschaft 2018"]
[Site "Gröbenzell"]
[Date "2018.05.12"]
[Round "5.1"]
[White "Salvermoser, Bernd"]
[Black "Grawe, Christian"]
[Result "1-0"]
[WhiteElo "2191"]
[BlackElo "2214"]
[PlyCount "79"]
[EventDate "2018.??.??"]
[WhiteTeam "SC Gröbenzell"]
[BlackTeam "SC Gröbenzell"]

1. d4 d5 2. c4 c6 3. Nf3 Nf6 4. cxd5 cxd5 5. Nc3 Nc6 6. Bf4 Bf5 7. e3 e6 8. Bb5
Nd7 9. O-O Be7 10. Qb3 g5 11. Be5 Rg8 12. Rfe1 g4 13. Nd2 Ndxe5 14. dxe5 Kf8
15. e4 dxe4 16. Bxc6 bxc6 17. Ndxe4 Rb8 18. Qc4 Qc7 19. Ng3 Rxb2 20. Nxf5 exf5
21. Nd5 Qd8 22. Qxc6 Rg6 23. Qc3 Rb5 24. Nf4 Rh6 25. Rad1 Qb8 26. e6 Bf6 27.
e7+ Kg7 28. e8=N+ Qxe8 29. Qxf6+ Rxf6 30. Rxe8 Ra6 31. Re2 Rba5 32. Rdd2 Kh6
33. Kf1 Kg5 34. g3 Rh6 35. Kg2 Rha6 36. h4+ gxh3+ 37. Nxh3+ Kf6 38. Nf4 Kg5 39.
Nd5 Ra3 40. f4+ 1-0

[Event "Oberbayerische Einzelmeisterschaft 2018"]
[Site "Gröbenzell"]
[Date "2018.05.12"]
[Round "5.2"]
[White "Lochte, Thomas"]
[Black "Walter, Tobias"]
[Result "0-1"]
[WhiteElo "2135"]
[BlackElo "2116"]
[PlyCount "50"]
[EventDate "2018.??.??"]
[WhiteTeam "SK Weilheim"]
[BlackTeam "SC Gröbenzell"]

1. e4 e6 2. d4 d5 3. Nc3 Nf6 4. e5 Nfd7 5. f4 c5 6. Nf3 Nc6 7. Be3 Qb6 8. Na4
Qc7 9. Nxc5 Nxd4 10. Nxd4 Nxc5 11. c4 Ne4 12. Qa4+ Bd7 13. Nb5 Qd8 14. cxd5
exd5 15. Rd1 Bc6 16. Bc4 Qh4+ 17. g3 Nxg3 18. Bf2 Qxf4 19. Rxd5 Qe4+ 20. Kd2
Be7 21. Re1 Bg5+ 22. Kc3 Qf3+ 23. Be3 Bxe3 24. Nc7+ Kf8 25. Nxa8 Bf2+ 0-1

[Event "Oberbayerische Einzelmeisterschaft 2018"]
[Site "Gröbenzell"]
[Date "2018.05.12"]
[Round "5.3"]
[White "Schlosser, Andree"]
[Black "Vaccaroni, Juan Manuel"]
[Result "1/2-1/2"]
[WhiteElo "2087"]
[BlackElo "1970"]
[PlyCount "66"]
[EventDate "2018.??.??"]
[WhiteTeam "TuS Fürstenfeldbruck"]
[BlackTeam "SK Neuburg"]

1. c4 e5 2. g3 Nf6 3. Bg2 d5 4. cxd5 Nxd5 5. Nc3 Nb6 6. a4 a5 7. Nf3 Nc6 8. d3
Be7 9. Be3 Be6 10. O-O Nd5 11. Bd2 O-O 12. Rc1 Kh8 13. Ne4 f6 14. Nc5 Bxc5 15.
Rxc5 Qd6 16. Qc1 Nb6 17. Rb5 Rfb8 18. b3 Bd5 19. Be3 Ra6 20. Qc3 Be6 21. Rc1
Nd5 22. Qd2 Nxe3 23. Qxe3 Nb4 24. d4 e4 25. Qxe4 c6 26. Rh5 f5 27. Qh4 h6 28.
Ne5 Kh7 29. Qg5 Bxb3 30. Bh3 Rf8 31. Bxf5+ Rxf5 32. Qxf5+ g6 33. Qb1 Ba2
1/2-1/2

[Event "Oberbayerische Einzelmeisterschaft 2018"]
[Site "Gröbenzell"]
[Date "2018.05.12"]
[Round "5.4"]
[White "Böhm, Korbinian"]
[Black "Shahin, Walid"]
[Result "1/2-1/2"]
[WhiteElo "2040"]
[BlackElo "2084"]
[PlyCount "83"]
[EventDate "2018.??.??"]
[WhiteTeam "Sportfr.Windach"]
[BlackTeam "SK Weilheim"]

1. e4 e6 2. d4 d5 3. Nc3 Nf6 4. e5 Nfd7 5. f4 c5 6. Nf3 Nc6 7. Be3 Qb6 8. Na4
Qa5+ 9. c3 cxd4 10. b4 Qc7 11. Nxd4 a6 12. Bd3 b5 13. Nb2 Ncxe5 14. fxe5 Qxc3+
15. Qd2 Bxb4 16. Ke2 Qxd2+ 17. Bxd2 Bxd2 18. Kxd2 Nxe5 19. a4 Nxd3 20. Nxd3
bxa4 21. Rxa4 O-O 22. Rha1 g6 23. Nc5 Kg7 24. Nxa6 Rxa6 25. Rxa6 Bxa6 26. Rxa6
Rb8 27. Ra2 Rb7 28. Kd3 e5 29. Nc6 f6 30. Rd2 Rb6 31. Ne7 Rd6 32. Ke3 d4+ 33.
Ke4 Kf7 34. Nd5 Re6 35. Ra2 f5+ 36. Kd3 Rc6 37. Ra7+ Ke6 38. Nc7+ Kd6 39. Ne8+
Ke6 40. Nc7+ Kf6 41. Nd5+ Ke6 42. Nc7+ 1/2-1/2

[Event "Oberbayerische Einzelmeisterschaft 2018"]
[Site "Gröbenzell"]
[Date "2018.05.12"]
[Round "5.6"]
[White "Lippert, Frank"]
[Black "Steinheimer, Jürgen"]
[Result "0-1"]
[WhiteElo "2032"]
[BlackElo "2023"]
[PlyCount "106"]
[EventDate "2018.??.??"]
[WhiteTeam "SK Gräfelfing"]
[BlackTeam "SK Gräfelfing"]

1. d4 e6 2. c4 Nf6 3. Nf3 d5 4. Nc3 Bb4 5. cxd5 exd5 6. Bg5 h6 7. Bxf6 Qxf6 8.
Qb3 Qb6 9. a3 Ba5 10. Qxb6 Bxc3+ 11. bxc3 axb6 12. e3 Be6 13. Nd2 Nd7 14. Bd3
O-O 15. Ke2 Ra7 16. Rhc1 Rfa8 17. Nb1 Ra4 18. Ra2 c6 19. Rb2 b5 20. f3 Nb6 21.
Kd2 Nc8 22. Bc2 R4a7 23. Re1 Nd6 24. Bd3 f6 25. Kc1 Kf7 26. Rbe2 Re8 27. Kb2 b6
28. e4 dxe4 29. fxe4 Bc4 30. Bxc4+ Nxc4+ 31. Kb3 Na5+ 32. Kb4 Nc4 33. Kb3 Rea8
34. Ra2 Re8 35. Nd2 Nxd2+ 36. Rxd2 Rea8 37. Ra2 Ke6 38. Rc1 Ra4 39. c4 b4 40.
Rca1 bxa3 41. Rxa3 Rxa3+ 42. Rxa3 Rxa3+ 43. Kxa3 f5 44. d5+ Kd6 45. exf5 cxd5
46. cxd5 Kxd5 47. Kb4 Ke5 48. Kb5 Kxf5 49. Kxb6 Ke4 50. Kc6 Ke3 51. Kd6 Kf2 52.
g4 g5 53. Ke6 Kg2 0-1

[Event "Oberbayerische Einzelmeisterschaft 2018"]
[Site "Gröbenzell"]
[Date "2018.05.12"]
[Round "5.7"]
[White "Ungnad, Reiner"]
[Black "Szalewa, Sven"]
[Result "1-0"]
[WhiteElo "2043"]
[BlackElo "2041"]
[PlyCount "65"]
[EventDate "2018.??.??"]
[WhiteTeam "SC Gröbenzell"]
[BlackTeam "SC Starnberg"]

1. d4 d5 2. Bf4 Nf6 3. e3 c5 4. c3 Nc6 5. Nd2 e6 6. Ngf3 cxd4 7. exd4 Nh5 8.
Bg3 Bd6 9. Bb5 Nxg3 10. hxg3 Qb6 11. Qb3 Bd7 12. O-O O-O 13. Bd3 Qd8 14. Rfe1
b5 15. Qc2 Rc8 16. a3 b4 17. axb4 Nxb4 18. Bxh7+ Kh8 19. Qb1 f5 20. Bg6 Nc6 21.
Nh4 Qg5 22. Qd1 Rf6 23. Qh5+ Qxh5 24. Bxh5 g5 25. Ng6+ Rxg6 26. Bxg6 Kg7 27.
Bh5 g4 28. f3 Bxg3 29. Re2 Kh6 30. fxg4 Rg8 31. Bf7 Rg7 32. Bxe6 Re7 33. gxf5
1-0

[Event "Oberbayerische Einzelmeisterschaft 2018"]
[Site "Gröbenzell"]
[Date "2018.05.12"]
[Round "5.8"]
[White "Sörgel, Thomas"]
[Black "Graf, Christian"]
[Result "1/2-1/2"]
[WhiteElo "1985"]
[BlackElo "2014"]
[PlyCount "56"]
[EventDate "2018.??.??"]
[WhiteTeam "SK Gräfelfing"]
[BlackTeam "SU Ebersberg-Grafing"]

1. c4 c6 2. d4 d5 3. Bf4 Nf6 4. e3 g6 5. Nc3 Bg7 6. Nf3 Nbd7 7. h3 O-O 8. cxd5
Nxd5 9. Nxd5 cxd5 10. Bd3 Qb6 11. Qe2 f6 12. e4 e5 13. dxe5 fxe5 14. Be3 d4 15.
Bd2 Nc5 16. Bc4+ Kh8 17. b4 Ne6 18. O-O Nf4 19. Bxf4 Rxf4 20. Rab1 Bd7 21. g3
Rff8 22. Kg2 Rac8 23. Rfc1 Qf6 24. Bd5 Bb5 25. Qd1 Ba4 26. Qe2 Bb5 27. Qd1 Ba4
28. Qe2 Bb5 1/2-1/2

[Event "Oberbayerische Einzelmeisterschaft 2018"]
[Site "Gröbenzell"]
[Date "2018.05.12"]
[Round "5.9"]
[White "Rosner, Gerhard"]
[Black "Straub, Jürgen"]
[Result "0-1"]
[WhiteElo "2032"]
[BlackElo "2068"]
[PlyCount "90"]
[EventDate "2018.??.??"]
[WhiteTeam "SG Pang-Rosenheim"]
[BlackTeam "TSV Ingolstadt Nord"]

1. d4 Nf6 2. Nf3 e6 3. e3 c5 4. Bd3 Nc6 5. O-O b6 6. Nbd2 Bb7 7. c3 Be7 8. Qe2
Rc8 9. e4 cxd4 10. cxd4 Nb4 11. e5 Nxd3 12. exf6 Nxc1 13. Raxc1 Bxf6 14. Ne4
Be7 15. Nc3 O-O 16. Rfd1 Bb4 17. Qd3 Qe7 18. Ne5 d6 19. Nf3 Bxc3 20. Rxc3 Rxc3
21. Qxc3 Rc8 22. Qa3 Bd5 23. h3 h6 24. Rd3 Rc1+ 25. Kh2 Qc7 26. Rc3 Rxc3 27.
bxc3 a5 28. Nd2 e5 29. Qb2 exd4 30. cxd4 Qc6 31. f3 b5 32. a3 Qb7 33. Ne4 Bxe4
34. fxe4 b4 35. axb4 Qxb4 36. Qc2 g6 37. Qc7 Qxd4 38. Qxa5 Qe5+ 39. Qxe5 dxe5
40. Kg3 Kf8 41. Kf3 Ke7 42. Ke3 Kd6 43. Kd3 Kc5 44. Kc3 g5 45. g3 h5 0-1

[Event "Oberbayerische Einzelmeisterschaft 2018"]
[Site "Gröbenzell"]
[Date "2018.05.12"]
[Round "5.10"]
[White "Höller, Armin"]
[Black "Kobl, Rudolf"]
[Result "0-1"]
[WhiteElo "1899"]
[BlackElo "2048"]
[PlyCount "66"]
[EventDate "2018.??.??"]
[WhiteTeam "SK Weilheim"]
[BlackTeam "SK Wasserburg"]

1. c4 e5 2. g3 Nc6 3. Nc3 f5 4. d3 Nf6 5. Bg2 Bb4 6. a3 Bxc3+ 7. bxc3 O-O 8.
Nh3 d6 9. O-O Qe8 10. Rb1 b6 11. d4 Rb8 12. c5 dxc5 13. Qb3+ Be6 14. d5 Na5 15.
Qa2 Bf7 16. Ng5 c4 17. Nxf7 Qxf7 18. Bg5 Nxd5 19. Rb5 c6 20. Qd2 e4 21. Rb2 Nb3
22. Qc2 h6 23. Bf4 Nxf4 24. gxf4 Rbd8 25. Rd1 Rxd1+ 26. Qxd1 Qf6 27. Rc2 Rd8
28. Qe1 Qd6 29. e3 Qd1 30. Re2 Rd2 31. Kf1 Qc2 32. f3 Qd3 33. fxe4 Rd1 0-1

[Event "Oberbayerische Einzelmeisterschaft 2018"]
[Site "Gröbenzell"]
[Date "2018.05.12"]
[Round "5.11"]
[White "Theumer, Lutz"]
[Black "Stocker, Rupert"]
[Result "1-0"]
[WhiteElo "2005"]
[BlackElo "2011"]
[PlyCount "77"]
[EventDate "2018.??.??"]
[WhiteTeam "SC Moosburg"]
[BlackTeam "SC Gröbenzell"]

1. d4 d5 2. Bf4 e6 3. Nf3 Bd6 4. Bg3 Ne7 5. e3 Nf5 6. Bd3 Nxg3 7. hxg3 c5 8. c3
Nc6 9. Nbd2 Bd7 10. Qc2 Rc8 11. a3 Qf6 12. g4 g5 13. Bxh7 e5 14. dxe5 Nxe5 15.
O-O-O Bxg4 16. c4 Bxf3 17. gxf3 Nxc4 18. Nxc4 dxc4 19. Qe4+ Kf8 20. Rd5 Rc6 21.
Qxc4 Be5 22. Qc2 Rb6 23. b3 c4 24. b4 Ra6 25. f4 gxf4 26. a4 Bd6 27. b5 Rb6 28.
Rhd1 Be7 29. R1d4 Qg7 30. Qf5 Re6 31. Rxf4 Qa1+ 32. Kd2 Qb2+ 33. Ke1 Qc1+ 34.
Ke2 Bf6 35. Rd8+ Ke7 36. Rxh8 Qb2+ 37. Kf3 Bxh8 38. Qxf7+ Kd6 39. Qf8+ 1-0

[Event "Oberbayerische Einzelmeisterschaft 2018"]
[Site "Gröbenzell"]
[Date "2018.05.12"]
[Round "5.12"]
[White "Mooser, Nicolas"]
[Black "Heinz-Leisenheimer, Matthias"]
[Result "0-1"]
[WhiteElo "1896"]
[BlackElo "1913"]
[PlyCount "82"]
[EventDate "2018.??.??"]
[WhiteTeam "PSV Dorfen"]
[BlackTeam "SC Prien"]

1. Nf3 d5 2. g3 Bg4 3. Bg2 Nd7 4. d4 c6 5. O-O Ngf6 6. c4 dxc4 7. Nc3 e6 8. h3
Bh5 9. e4 Bb4 10. d5 Ne5 11. g4 Nxf3+ 12. Bxf3 Bxc3 13. bxc3 Bg6 14. dxc6 Qxd1
15. Rxd1 Bxe4 16. Bxe4 Nxe4 17. cxb7 Rb8 18. Rb1 Ke7 19. Bf4 Nxc3 20. Bd6+ Kf6
21. Bxb8 Rxb8 22. Rd8 Rxd8 23. b8=Q Rxb8 24. Rxb8 Ke5 25. a4 Nxa4 26. Kf1 Kd4
27. Ke1 Nc5 28. Ra8 a6 29. Kd1 Kc3 30. Ra7 Kb3 31. Rc7 Nd3 32. Rxf7 c3 33. Rb7+
Nb4 34. Rxg7 Kb2 35. Rc7 a5 36. f4 a4 37. Rc4 Kb3 38. f5 a3 39. Rc8 a2 40. Ra8
c2+ 41. Kd2 Kb2 0-1

[Event "Oberbayerische Einzelmeisterschaft 2018"]
[Site "Gröbenzell"]
[Date "2018.05.12"]
[Round "6.1"]
[White "Shahin, Walid"]
[Black "Salvermoser, Bernd"]
[Result "1-0"]
[WhiteElo "2084"]
[BlackElo "2191"]
[PlyCount "63"]
[EventDate "2018.??.??"]
[WhiteTeam "SK Weilheim"]
[BlackTeam "SC Gröbenzell"]

1. d4 Nf6 2. c4 c5 3. d5 b5 4. Nd2 bxc4 5. e4 Ba6 6. Qc2 Qa5 7. Ne2 e6 8. Nc3
Qb4 9. Be2 exd5 10. e5 d4 11. Bf3 Nc6 12. exf6 d3 13. Qd1 Rc8 14. O-O Nd4 15.
Qe1+ Ne6 16. Nde4 gxf6 17. Nxf6+ Kd8 18. Qe5 Qb8 19. Qh5 Bg7 20. Qxf7 Qd6 21.
Nfe4 Qe5 22. Bg4 Rf8 23. Ng5 Qxg5 24. Bxg5+ Kc7 25. Bxe6 Rxf7 26. Bxf7 Bxc3 27.
bxc3 Rf8 28. Be7 Rxf7 29. Bxc5 Bb5 30. f4 Ba4 31. f5 d2 32. g4 1-0

[Event "Oberbayerische Einzelmeisterschaft 2018"]
[Site "Gröbenzell"]
[Date "2018.05.12"]
[Round "6.2"]
[White "Walter, Tobias"]
[Black "Schlosser, Andree"]
[Result "0-1"]
[WhiteElo "2116"]
[BlackElo "2087"]
[PlyCount "64"]
[EventDate "2018.??.??"]
[WhiteTeam "SC Gröbenzell"]
[BlackTeam "TuS Fürstenfeldbruck"]

1. d4 d6 2. Bf4 g6 3. e3 Bg7 4. Nf3 Nf6 5. Be2 O-O 6. O-O b6 7. h3 c5 8. c3 Bb7
9. Nbd2 Nbd7 10. Bh2 a6 11. a4 Qc7 12. Re1 Qc6 13. Bd3 Rfe8 14. e4 cxd4 15.
cxd4 Rac8 16. Qe2 Nb8 17. b4 Qd7 18. Nc4 Qd8 19. a5 d5 20. Nxb6 dxe4 21. Nxc8
Qxc8 22. Rac1 Qf5 23. Nh4 exd3 24. Nxf5 dxe2 25. Rc7 gxf5 26. Rxb7 Nc6 27. Rb6
Rc8 28. Be5 Nd5 29. Rxa6 Ncxb4 30. Ra7 Bxe5 31. dxe5 Rc2 32. Rd7 e6 0-1

[Event "Oberbayerische Einzelmeisterschaft 2018"]
[Site "Gröbenzell"]
[Date "2018.05.12"]
[Round "6.3"]
[White "Lechermann, Markus"]
[Black "Grawe, Christian"]
[Result "0-1"]
[WhiteElo "2082"]
[BlackElo "2214"]
[PlyCount "112"]
[EventDate "2018.??.??"]
[WhiteTeam "MTV Ingolstadt"]
[BlackTeam "SC Gröbenzell"]

1. d4 d5 2. Bf4 Nf6 3. e3 c5 4. c3 Nc6 5. Nd2 Bf5 6. Ngf3 Qb6 7. Qb3 c4 8. Qxb6
axb6 9. a3 b5 10. Rc1 h6 11. h3 Nd7 12. Be2 e6 13. O-O Nb6 14. Bd1 Bd3 15. Re1
Na4 16. Bxa4 bxa4 17. e4 Ra5 18. exd5 Rxd5 19. Ne5 Nxe5 20. Rxe5 Bd6 21. Rxd5
Bxf4 22. Ra5 Bxd2 23. Rd1 Bg5 24. Rxa4 Kd7 25. Re1 Bf4 26. g3 Bd6 27. Ra5 Rc8
28. Kg2 Rc6 29. Rd1 Ra6 30. Rxa6 bxa6 31. Kf3 Kc6 32. Ke3 Bf5 33. h4 Kd5 34. f4
f6 35. Rd2 Bg4 36. Rh2 Be7 37. Rh1 Bd8 38. Rh2 a5 39. h5 Bb6 40. Rh4 Bd1 41.
Rh1 Bc2 42. Rh4 Bf5 43. g4 Bc2 44. Rh2 Bd1 45. Rg2 e5 46. fxe5 fxe5 47. Kd2 Bf3
48. Rg3 e4 49. g5 Bc7 50. gxh6 Bf4+ 51. Kc2 gxh6 52. Rg8 e3 53. Ra8 e2 54.
Rxa5+ Kd6 55. Ra6+ Ke7 56. Ra7+ Ke8 0-1

[Event "Oberbayerische Einzelmeisterschaft 2018"]
[Site "Gröbenzell"]
[Date "2018.05.12"]
[Round "6.4"]
[White "Vaccaroni, Juan Manuel"]
[Black "Lochte, Thomas"]
[Result "0-1"]
[WhiteElo "1970"]
[BlackElo "2135"]
[PlyCount "134"]
[EventDate "2018.??.??"]
[WhiteTeam "SK Neuburg"]
[BlackTeam "SK Weilheim"]

1. c4 e5 2. g3 Nf6 3. Bg2 c6 4. d4 exd4 5. Qxd4 d5 6. Nc3 Be6 7. cxd5 cxd5 8.
Bg5 Be7 9. Rd1 Nc6 10. Qa4 O-O 11. Nf3 h6 12. Bf4 Qb6 13. Qb5 Bc5 14. Qxb6 axb6
15. a3 d4 16. Nb1 Bb3 17. Rc1 g5 18. Bd2 Rfe8 19. g4 Nxg4 20. h4 Nge5 21. Nxe5
Rxe5 22. hxg5 hxg5 23. Rh3 Bd5 24. Bxd5 Rxd5 25. Rg3 f6 26. f4 Bd6 27. Rg2 Kf7
28. fxg5 Rg8 29. g6+ Rxg6 30. Rxg6 Kxg6 31. Kf2 Rf5+ 32. Kg2 Ne5 33. Rc8 Rh5
34. Bf4 Kf5 35. Bg3 Rg5 36. Nd2 Rxg3+ 37. Kxg3 Nc4+ 38. Kf2 Nxd2 39. Ke1 Ne4
40. Rd8 Ke6 41. Re8+ Kd5 42. Kd1 f5 43. Kc2 Nf6 44. Rd8 Ne4 45. Re8 Be5 46. Re7
Nd6 47. Kd3 Bf6 48. Rd7 b5 49. Rh7 b6 50. b3 Bg5 51. Rg7 Bc1 52. Ra7 Be3 53.
Rd7 Kc6 54. Rh7 Ne4 55. Kc2 Nf2 56. Rf7 f4 57. Rf5 Kd7 58. Rxb5 f3 59. exf3 Kc6
60. Rb4 d3+ 61. Kc3 d2 62. Rc4+ Kd7 63. Rd4+ Bxd4+ 64. Kxd2 Bb2 65. Ke2 Nh3 66.
a4 Kc6 67. Kd3 Kc5 0-1

[Event "Oberbayerische Einzelmeisterschaft 2018"]
[Site "Gröbenzell"]
[Date "2018.05.12"]
[Round "6.5"]
[White "Straub, Jürgen"]
[Black "Böhm, Korbinian"]
[Result "1-0"]
[WhiteElo "2068"]
[BlackElo "2040"]
[PlyCount "55"]
[EventDate "2018.??.??"]
[WhiteTeam "TSV Ingolstadt Nord"]
[BlackTeam "Sportfr.Windach"]

1. e4 c5 2. Nf3 d6 3. g3 Nf6 4. d3 Nc6 5. Bg2 g6 6. O-O Bg7 7. c3 O-O 8. Re1 e5
9. Nbd2 Qc7 10. Nf1 Rb8 11. a4 a6 12. Qc2 b5 13. axb5 axb5 14. b4 Bg4 15. Be3
Qe7 16. Qb2 Rfc8 17. N1d2 Nd7 18. h3 Bxf3 19. Nxf3 cxb4 20. cxb4 d5 21. Bd2 d4
22. h4 Nb6 23. Bh3 Rc7 24. Rec1 Na4 25. Qb3 Rbb7 26. Rc2 Qd6 27. Rac1 Ne7 28.
Ng5 1-0

[Event "Oberbayerische Einzelmeisterschaft 2018"]
[Site "Gröbenzell"]
[Date "2018.05.12"]
[Round "6.6"]
[White "Steinheimer, Jürgen"]
[Black "Glawe, Ralf"]
[Result "0-1"]
[WhiteElo "2023"]
[BlackElo "2059"]
[PlyCount "82"]
[EventDate "2018.??.??"]
[WhiteTeam "SK Gräfelfing"]
[BlackTeam "MTV Ingolstadt"]

1. d4 Nf6 2. Bg5 Ne4 3. Bf4 d5 4. e3 c5 5. Bd3 Nc6 6. Bxe4 dxe4 7. Ne2 e6 8.
Nbc3 cxd4 9. exd4 Bb4 10. Qd2 O-O 11. O-O b6 12. Rfd1 Bb7 13. Qe3 f5 14. d5
exd5 15. Nxd5 Bc5 16. Qg3 Rc8 17. Nec3 Nd4 18. Be5 Rf7 19. Bxd4 Bxd5 20. Nxd5
Qxd5 21. Bxg7 Qe6 22. Be5+ Kf8 23. Qf4 Re8 24. Bd6+ Bxd6 25. Rxd6 Qe5 26. Qh6+
Kg8 27. c3 f4 28. Rd4 e3 29. f3 e2 30. Re4 Qc5+ 31. Kh1 Rxe4 32. fxe4 Qf2 33.
Qg5+ Rg7 34. Qd8+ Kf7 35. Qd5+ Kf8 36. Qd8+ Kf7 37. Qd5+ Ke8 38. Qa8+ Kd7 39.
Qb7+ Kd6 40. Qd5+ Kc7 41. Qc4+ Kb8 0-1

[Event "Oberbayerische Einzelmeisterschaft 2018"]
[Site "Gröbenzell"]
[Date "2018.05.12"]
[Round "6.7"]
[White "Kobl, Rudolf"]
[Black "Ungnad, Reiner"]
[Result "1-0"]
[WhiteElo "2048"]
[BlackElo "2043"]
[PlyCount "63"]
[EventDate "2018.??.??"]
[WhiteTeam "SK Wasserburg"]
[BlackTeam "SC Gröbenzell"]

1. d4 d5 2. c4 e6 3. Nc3 Nf6 4. Bg5 Be7 5. e3 Nbd7 6. Nf3 h6 7. Bh4 b6 8. cxd5
exd5 9. Rc1 c6 10. Bd3 O-O 11. O-O Re8 12. Bg3 Bb7 13. Qe2 Bf8 14. h3 b5 15.
Bb1 g6 16. Qc2 Bg7 17. Ne5 Nxe5 18. Bxe5 Bc8 19. Ne2 Bd7 20. Nf4 Rc8 21. a4 Bf5
22. Qb3 Bxb1 23. Bxf6 Qxf6 24. Rxb1 Rb8 25. Rfc1 a6 26. Qc3 Rec8 27. axb5 axb5
28. Ra1 Qd8 29. Ra6 g5 30. Nd3 Rb6 31. Rxb6 Qxb6 32. Nb4 1-0

[Event "Oberbayerische Einzelmeisterschaft 2018"]
[Site "Gröbenzell"]
[Date "2018.05.12"]
[Round "6.8"]
[White "Sörgel, Thomas"]
[Black "Lippert, Frank"]
[Result "0-1"]
[WhiteElo "1985"]
[BlackElo "2032"]
[PlyCount "102"]
[EventDate "2018.??.??"]
[WhiteTeam "SK Gräfelfing"]
[BlackTeam "SK Gräfelfing"]

1. c4 e5 2. Nc3 Bb4 3. g3 Nf6 4. Bg2 Bxc3 5. bxc3 O-O 6. d4 Nc6 7. e3 e4 8. Ne2
b6 9. O-O Ba6 10. Ba3 Re8 11. Qa4 Na5 12. Rfe1 Bxc4 13. Bc1 c6 14. Bd2 b5 15.
Qd1 Bxe2 16. Rxe2 Nc4 17. Be1 a5 18. a4 d5 19. Rea2 bxa4 20. Qxa4 Qc8 21. Bf1
Nd7 22. Bxc4 Nb6 23. Be2 Nxa4 24. Rxa4 Re7 25. c4 Rea7 26. cxd5 cxd5 27. Rxa5
Rxa5 28. Rxa5 Rxa5 29. Bxa5 g6 30. Bb4 Qc1+ 31. Bf1 h5 32. h4 Kg7 33. Bd6 Kf6
34. Kg2 Ke6 35. Bc5 Qb2 36. Ba6 Qb8 37. Kh2 f6 38. Bf1 g5 39. hxg5 fxg5 40. Kg1
Kf6 41. Ba3 Kg6 42. Be7 Qb1 43. Bd6 Qd1 44. Kg2 h4 45. gxh4 gxh4 46. Bf4 h3+
47. Kg1 Kh5 48. Bg3 Kg4 49. Bf4 Kf3 50. Bh2 Qe1 51. Bg3 h2+ 0-1

[Event "Oberbayerische Einzelmeisterschaft 2018"]
[Site "Gröbenzell"]
[Date "2018.05.12"]
[Round "6.9"]
[White "Graf, Christian"]
[Black "Theumer, Lutz"]
[Result "1-0"]
[WhiteElo "2014"]
[BlackElo "2005"]
[PlyCount "57"]
[EventDate "2018.??.??"]
[WhiteTeam "SU Ebersberg-Grafing"]
[BlackTeam "SC Moosburg"]

1. e4 e6 2. d4 d5 3. Nd2 Nf6 4. Bd3 c5 5. e5 Nfd7 6. c3 Nc6 7. Ne2 Qb6 8. Nf3
cxd4 9. cxd4 f6 10. exf6 Nxf6 11. O-O Bd6 12. Bf4 Bxf4 13. Nxf4 O-O 14. b3 Bd7
15. Qd2 Qc7 16. Ne2 Be8 17. Rac1 Qd6 18. Ng3 Bh5 19. Nxh5 Nxh5 20. Bb5 Ne7 21.
Ne5 a6 22. Bd3 Nf4 23. Rc2 Nxd3 24. Qxd3 Nf5 25. Rfc1 Qb4 26. Nf3 Qa3 27. g4
Nd6 28. Ng5 g6 29. Qh3 1-0

[Event "Oberbayerische Einzelmeisterschaft 2018"]
[Site "Gröbenzell"]
[Date "2018.05.12"]
[Round "6.10"]
[White "Heinz-Leisenheimer, Matthias"]
[Black "Szalewa, Sven"]
[Result "1/2-1/2"]
[WhiteElo "1913"]
[BlackElo "2041"]
[PlyCount "116"]
[EventDate "2018.??.??"]
[WhiteTeam "SC Prien"]
[BlackTeam "SC Starnberg"]

1. d4 e6 2. c4 Nf6 3. Nc3 Bb4 4. e3 O-O 5. Bd3 d5 6. Nf3 c5 7. O-O cxd4 8. exd4
dxc4 9. Bxc4 b6 10. Bf4 Bb7 11. Qd3 Nbd7 12. a3 Be7 13. Rfe1 Rc8 14. Ba6 Re8
15. Bxb7 Nc5 16. Qb5 Nxb7 17. Rad1 Nd6 18. Qb3 Nc4 19. Ne5 Nd5 20. Nxc4 Nxf4
21. Ne3 Bf6 22. d5 Bxc3 23. dxe6 Bxe1 24. exf7+ Kf8 25. fxe8=Q+ Qxe8 26. Rxe1
Qe4 27. f3 Qe5 28. g3 Ng6 29. Kf1 Rc5 30. Qd3 Qe6 31. Ng2 Qc4 32. Qxc4 Rxc4 33.
Ne3 Rc5 34. Ke2 Rc7 35. Rd1 Ne5 36. f4 Nd7 37. Rd2 Nc5 38. Rd8+ Kf7 39. Ng4 Ne6
40. Ne5+ Ke7 41. Rd2 a5 42. b4 axb4 43. axb4 Nd8 44. b5 Ne6 45. Kf3 Nc5 46. Nc4
Na4 47. Rd4 Nc3 48. Nxb6 Nxb5 49. Nd5+ Kf7 50. Nxc7 Nxd4+ 51. Ke4 Ne2 52. g4
Nc1 53. Nd5 Nb3 54. Ke5 Nd2 55. f5 Nf3+ 56. Kf4 Nxh2 57. Ne3 g6 58. fxg6+ Kxg6
1/2-1/2

[Event "Oberbayerische Einzelmeisterschaft 2018"]
[Site "Gröbenzell"]
[Date "2018.05.12"]
[Round "6.11"]
[White "Ott, Josef Sebastian"]
[Black "Höller, Armin"]
[Result "1/2-1/2"]
[WhiteElo "2020"]
[BlackElo "1899"]
[PlyCount "160"]
[EventDate "2018.??.??"]
[WhiteTeam "SG Traunstein/Traunreut"]
[BlackTeam "SK Weilheim"]

1. e4 e5 2. Nf3 Nc6 3. Bc4 Nf6 4. d3 Be7 5. c3 d6 6. Bb3 Bg4 7. Nbd2 d5 8. Qe2
dxe4 9. dxe4 O-O 10. h3 Bh5 11. Nf1 Kh8 12. g4 Bg6 13. Ng3 Qd7 14. Nf5 Rad8 15.
Bc2 Bxf5 16. gxf5 Nh5 17. O-O Nf4 18. Bxf4 exf4 19. Rad1 Bd6 20. Ng5 g6 21. Qg4
h5 22. Qe2 Qe7 23. h4 Ne5 24. fxg6 fxg6 25. f3 Bc5+ 26. Kh2 Qf6 27. Bb3 Rxd1
28. Rxd1 Rd8 29. Qb5 b6 30. Kh3 c6 31. Qe2 Rd6 32. Qa6 Rxd1 33. Bxd1 Qe7 34.
Qc8+ Kg7 35. b4 Bf2 36. Bb3 Qd7+ 37. Ne6+ Kh7 38. Qxd7+ Nxd7 39. Nxf4 Ne5 40.
Ne6 Be1 41. f4 Nd3 42. Bc2 Nf2+ 43. Kg2 Ng4 44. Kf3 Bxc3 45. a3 a5 46. bxa5
Bxa5 47. e5 b5 48. Nf8+ Kg7 49. Nxg6 b4 50. axb4 Bxb4 51. f5 Bc3 52. Kf4 Bd2+
53. Ke4 Bc3 54. Ba4 Nf2+ 55. Ke3 Ng4+ 56. Kf4 Bd2+ 57. Ke4 c5 58. Be8 Bc3 59.
f6+ Nxf6+ 60. exf6+ Bxf6 61. Kd5 Bd4 62. Nf4 Bf2 63. Ng2 Kh6 64. Bb5 Bd4 65.
Be2 Bf2 66. Ke4 Bd4 67. Kf3 Bf6 68. Kg3 Be5+ 69. Kh3 Bb8 70. Ne1 Bc7 71. Nd3
Bd6 72. Nf2 Be5 73. Ne4 Kg6 74. Nxc5 Kh6 75. Bb5 Bd6 76. Ne4 Bf4 77. Be8 Be5
78. Bf7 Bc7 79. Nf6 Bd8 80. Bxh5 Bxf6 1/2-1/2